Multicriteria optimization

Guardat en:
Dades bibliogràfiques
Autor principal: Ehrgott, Matthias (Autor)
Format: Llibre
Idioma:anglès
Publicat: Berlín Springer 2005
Edició:2a. ed
Matèries:
Etiquetes: Afegir etiqueta
Sense etiquetes, Sigues el primer a etiquetar aquest registre!

MARC

LEADER 00000cam a2200000 a 4500
001 UCD9537
003 CL-VaPUC
008 170626e20050000gw |||||||||||||||||eng|d
020 |a 3540213988 
082 0 4 |a 519.6  |b EHR  |2 21 
100 0 |a Ehrgott, Matthias  |e author  |9 593203 
245 1 0 |a Multicriteria optimization 
250 |a 2a. ed 
300 |a 323 p 
942 |c BK 
945 |d 20170626 01:10:00  |a dcastane 
260 |a Berlín  |b Springer  |c 2005 
650 0 |a Optimización matemática  |9 259780 
650 0 |a Toma de decisiones   |9 257530 
583 |a last modification  |c 20170626 01:10:00  |k Rodrigo Vera 
999 |c 368665  |d 368663 
952 |0 0  |1 0  |3 erd  |4 0  |6 519_600000000000000_EHR_2005  |7 0  |8 A  |9 484058  |a BIBING  |b BIBING  |i 5402050  |o 519.6 EHR 2005  |p 5402050  |r 2025-01-20  |w 2019-11-24  |y BK  |z Catalogado en:20170626  |k CCI